Setting and managing a small hotel / (Record no. 293144)
[ view plain ]
| 000 -LEADER | |
|---|---|
| fixed length control field | 00583nam a2200217Ia 4500 |
| 008 - FIXED-LENGTH DATA ELEMENTS--GENERAL INFORMATION | |
| fixed length control field | 160404s9999 xx 000 0 und d |
| 020 ## - INTERNATIONAL STANDARD BOOK NUMBER | |
| International Standard Book Number | 978-971-27-1915-8 |
| 050 ## - LIBRARY OF CONGRESS CALL NUMBER | |
| Classification number | FIL TX 911.3.M27 |
| 050 ## - LIBRARY OF CONGRESS CALL NUMBER | |
| Item number | .L56 2008 |
| 100 ## - MAIN ENTRY--PERSONAL NAME | |
| Personal name | Lim, Lino ED. |
| 245 ## - TITLE STATEMENT | |
| Title | Setting and managing a small hotel / |
| 245 ## - TITLE STATEMENT | |
| Statement of responsibility, etc | Lino ED. Lim, Patty Martin. |
| 260 ## - PUBLICATION, DISTRIBUTION, ETC. (IMPRINT) | |
| Place of publication, distribution, etc | Pasig City: |
| 260 ## - PUBLICATION, DISTRIBUTION, ETC. (IMPRINT) | |
| Name of publisher, distributor, etc | Anvil Pub. Inc., |
| 260 ## - PUBLICATION, DISTRIBUTION, ETC. (IMPRINT) | |
| Date of publication, distribution, etc | 2008 |
| 300 ## - PHYSICAL DESCRIPTION | |
| Extent | 227 pages : |
| 300 ## - PHYSICAL DESCRIPTION | |
| Other physical details | illustrations ; |
| 300 ## - PHYSICAL DESCRIPTION | |
| Dimensions | 25 cm. |
| 500 ## - GENERAL NOTE | |
| General note | Includes bibliographical references. |
| 650 ## - SUBJECT ADDED ENTRY--TOPICAL TERM | |
| Topical term or geographic name as entry element | Hotel management. |
| Withdrawn status | Lost status | Damaged status | Home library | Current library | Shelving location | Date acquired | Cost, normal purchase price | Total Checkouts | Full call number | Barcode | Date last seen | Price effective from | Koha item type |
|---|---|---|---|---|---|---|---|---|---|---|---|---|---|
| South Mansfield College | South Mansfield College | Filipiniana Section | 11/12/2009 | 595.00 | FIL TX 911.3.M27 .L56 2008 | SMC05217 | 04/04/2016 | 04/04/2016 |